| 000 | 00816nam a22002057a 4500 | ||
|---|---|---|---|
| 999 |
_c196099 _d196099 |
||
| 005 | 20230628114315.0 | ||
| 010 | _aB-751982-996 CHEN25523 | ||
| 020 |
_a9788188197668 _c695.00 |
||
| 035 | _aB-751982-996 | ||
| 037 | _aKavita Book Center Publisher | ||
| 082 | _a513 | ||
| 100 | _aDuby, Shuruti | ||
| 245 |
_aVedic Mathematics/ _bby Shruti Duby |
||
| 260 |
_aNew Delhi _bKavita Book Center Publisher |
||
| 270 |
_aE-5/13, LAJPATRAI CHOOWK, Krishana Nagar, Delhi _bNew Delhi _e110091 |
||
| 300 |
_a192p. _c21cm(Hb) |
||
| 700 | _aDuby,Shuruti | ||
| 942 |
_2ddc _cCH _mDUB _h513 |
||